000 00578nam a22002177a 4500
003 UA-OsUOA
001 65928
007 ta
008 20091214b un ||||| |||| 00| 0 ukr d
100 _aЄгоричева С.
090 _a330
_bЕ99
942 _cSA
040 _aUA-OsUOA
_bukr
_cUA-OsUOA
_dUA-OsUOA
245 _aІнноваційні стратегії банків: сутність та класифікація
300 _aС.63-72
955 _a0
041 _aukr
080 _a330
773 0 _w65923
650 7 _a330 Економіка взагалі
_2UDC
999 _c351559
_d351559